Monopoly [juego] : juego de cartas /

Guardado en:
Formato: Objeto Físico
Publicado: Argentina : Toyco ; Hasbro, c2002.
Materias:
Etiquetas: Agregar Etiqueta
Sin Etiquetas, Sea el primero en etiquetar este registro!
LEADER 00640nrm a22001575g 4500
001 CEM.cems019380
008 130507s2002##################0###0#####d
005 20220830170849.0
245 0 0 |a Monopoly [juego] :  |b juego de cartas /  |c Hasbro 
260 |a Argentina :  |b Toyco ; Hasbro,  |c c2002. 
300 |a 1 juego (60 cartas, Billetes) ; en caja 21 x 25 x 4 cm. + manual de instrucciones 
500 |a Para 2 a 6 jugadores a partir de 8 años objetivo: enriquecerse primero que los demás. 
082 0 4 |a J793.9 
653 |a 1. juegos de negocios y finanzas 
653 |a 2. juegos de manejo de dinero 
859 |a CEMS  |b BIB. CEMS - Ludoteca  |h J793.9  |i H27  |p 289.03  |t Ej.1